| 000 | 00487nam a2200181 a 4500 | ||
|---|---|---|---|
| 001 | 1175 | ||
| 005 | 20140414131900.0 | ||
| 008 | 041105s19uu xx 00 eng d | ||
| 020 | _a0-86163-664-3 | ||
| 050 |
_aFIC _bB56 1994 |
||
| 100 | _aBlyton, Enid | ||
| 245 |
_aThe very peculiar cow and other stories / _cEnid Blyton. |
||
| 260 |
_aLondon : _bAward Publications, _c1994. |
||
| 300 | _a191 p. ; cm. | ||
| 650 | _aShort stories. | ||
| 650 | _aChildren stories. | ||
| 999 |
_c110618 _d110618 |
||